| 000 | 00691nam a2200217Ia 4500 | ||
|---|---|---|---|
| 001 | 14785 | ||
| 003 | GE_BSU | ||
| 008 | 181216s||||||||xx |||||||||||||| ||und|| | ||
| 040 | _cGE_BSU | ||
| 080 | _a531(075.32) | ||
| 100 | _aАркуша,А.И. | ||
| 245 | _aРуководство к решению задач по теоретической механике | ||
| 245 | _cРед.К.И.Аношина | ||
| 250 | _a3-е изд.испр. | ||
| 260 | _aМосква | ||
| 260 | _bВысшая школа | ||
| 260 | _c1976 | ||
| 300 | _a288стр.22см. | ||
| 653 | _aРуководство к решению задач по теоретической механике | ||
| 942 | _cBK | ||
| 999 |
_c47908 _d47908 |
||